[Event "USA Women Championship"]
[Site "St Louis USA"]
[Date "2010.07.19"]
[EventDate "2010.07.10"]
[Round "9"]
[Result "0-1"]
[White "Alisa Melekhina"]
[Black "Iryna Zenyuk"]
[WhiteElo "2265"]
[BlackElo "2236"]
[PlyCount "82"]

1. e4 c5 2. Nf3 Nc6 3. d4 cxd4 4. Nxd4 g6 5. Nc3 Bg7 6. Be3
Nf6 7. f3 O-O 8. Qd2 d5 9. exd5 Nxd5 10. Nxc6 bxc6 11. Bd4 e5
12. Bc5 Nxc3 13. bxc3 e4 14. Qxd8 Rxd8 15. Bd4 Bxd4 16. cxd4
Rxd4 17. fxe4 Rxe4+ 18. Kf2 Rf4+ 19. Kg3 Ra4 20. Bd3 Ra3
21. Rhb1 Be6 22. Rb7 a5 23. Rc7 Rxa2 24. Rb1 Bd5 25. Kf4 Ra4+
26. Ke5 Bxg2 27. Rbb7 Re8+ 28. Kd6 Rf4 29. Ra7 a4 30. h4 Re6+
31. Kc5 Re5+ 32. Kd6 Rd5+ 33. Ke7 Kg7 34. Ke8 Re5+ 35. Kd8
Rd4+ 36. Kc8 Re8+ 37. Kb7 Rxh4 38. Kb6 Rf4 39. c4 Rd8 40. Be2
h5 41. Rxa4 h4 0-1

[Event "US Championship (Women)"]
[Site "St Louis, MO USA"]
[Date "2011.04.21"]
[EventDate "2011.04.15"]
[Round "7"]
[Result "1/2-1/2"]
[White "Alisa Melekhina"]
[Black "Rusudan Goletiani"]
[WhiteElo "2304"]
[BlackElo "2367"]
[PlyCount "116"]

1. e4 c5 2. Nc3 a6 3. f4 b5 4. Nf3 e6 5. d3 Bb7 6. g4 b4
7. Ne2 d5 8. e5 Nh6 9. Bh3 d4 10. O-O Nd7 11. Ng3 Qc7 12. f5
O-O-O 13. fxe6 fxe6 14. g5 Nf7 15. Bxe6 Nxe5 16. Nxe5 Qxe5
17. Qg4 Bd5 18. Bxd5 Qxd5 19. Bd2 Bd6 20. Nf5 g6 21. Nxd6+
Qxd6 22. Rf6 Qd5 23. Bf4 Rhf8 24. Rd6 Qb7 25. Re1 Rf5 26. Ree6
Rdf8 27. Rc6+ Kd8 28. Bc7+ Qxc7 29. Rxc7 Kxc7 30. Qg3+ Kd8
31. Qg2 Rf3 32. Rxa6 R8f5 33. Re6 Nf8 34. Rf6 Rxf6 35. gxf6
Rxf6 36. Qa8+ Ke7 37. a4 Nd7 38. a5 Re6 39. Qb7 Kd8 40. Qa8+
Kc7 41. Qg8 Ra6 42. Qxh7 Rxa5 43. Qxg6 Ra1+ 44. Kg2 Ra2
45. Qg3+ Kb7 46. Qd6 Kc8 47. Kg3 Rxb2 48. Qa6+ Kc7 49. Qc4 Kd6
50. h4 Ne5 51. Qa6+ Ke7 52. Kf4 Nd7 53. Qc4 Rb1 54. h5 Rf1+
55. Kg3 Rg1+ 56. Kf4 Rf1+ 57. Kg5 Rg1+ 58. Kf4 Rf1+ 1/2-1/2

[Event "Canadian open"]
[Site "Toronto, Ontario"]
[Date "2011.07.17"]
[EventDate "?"]
[Round "9"]
[Result "0-1"]
[White "Alisa Melekhina"]
[Black "Roman Sapozhnikov"]
[WhiteElo "2263"]
[BlackElo "2295"]
[PlyCount "114"]

1. e4 e5 2. Nf3 d6 3. d4 exd4 4. Nxd4 Nf6 5. Nc3 Be7 6. Be2
O-O 7. O-O c5 8. Nf5 Bxf5 9. exf5 Nc6 10. Bf3 Nd4 11. g4 Nxf3+
12. Qxf3 h6 13. Nd5 Nxd5 14. Qxd5 Bf6 15. c3 Re8 16. Qxb7 d5
17. Bf4 Re4 18. Bc7 Rxg4+ 19. Kh1 Qc8 20. Qxd5 Rg5 21. f4 Rxf5
22. Qe4 a6 23. Be5 Ra7 24. Bxf6 Rxf6 25. Rg1 Qb7 26. Rae1 Rxf4
27. Qxb7 Rxb7 28. b3 a5 29. Re8+ Kh7 30. Ra8 c4 31. Rxa5 cxb3
32. axb3 Rxb3 33. Rc1 Rb2 34. Rh5 Rc4 35. Rh3 f5 36. Rf1 f4
37. Rd3 Re4 38. h3 Ree2 39. Rfd1 g5 40. c4 Rbc2 41. Rb3 Kg6
42. Kg1 Rxc4 43. h4 Kh5 44. hxg5 hxg5 45. Kh1 Kh4 46. Rb8 Rc3
47. Rh8+ Kg4 48. Rg8 Rh3+ 49. Kg1 Rg3+ 50. Kf1 Re5 51. Rd2 Ra5
52. Kf2 Rh3 53. Rd1 Ra2+ 54. Kg1 Rah2 55. Rf1 Rh1+ 56. Kf2
Rf3+ 57. Kg2 Rhxf1 0-1

[Event "112th US Open"]
[Site "Orlando USA"]
[Date "2011.08.02"]
[EventDate "2011.07.30"]
[Round "4"]
[Result "1-0"]
[White "Alisa Melekhina"]
[Black "Frank Kim Berry"]
[WhiteElo "2263"]
[BlackElo "1900"]
[PlyCount "55"]

1. e4 e5 2. Nc3 d6 3. g3 Nf6 4. Bg2 Be7 5. Nge2 Be6 6. d4 exd4
7. Nxd4 c6 8. Nxe6 fxe6 9. Bh3 e5 10. Be6 Nbd7 11. Be3 Qc7
12. O-O O-O-O 13. b4 Kb8 14. Rb1 Nb6 15. b5 d5 16. Bxb6 axb6
17. Qe2 d4 18. Na4 c5 19. Nb2 Qd6 20. Bf5 g6 21. Nc4 Qc7
22. Be6 Bd6 23. a4 Rhe8 24. Bh3 Bf8 25. Qe1 d3 26. cxd3 Rxd3
27. a5 bxa5 28. b6 1-0

[Event "Hastings Chess Congress"]
[Site "Hastings ENG"]
[Date "2013.01.01"]
[EventDate "2012.12.28"]
[Round "5"]
[Result "0-1"]
[White "Norman Hutchinson"]
[Black "Alisa Melekhina"]
[WhiteElo "2108"]
[BlackElo "2221"]
[PlyCount "56"]

1. e4 e5 2. Nf3 Nc6 3. Bb5 a6 4. Ba4 Nf6 5. O-O Nxe4 6. d4 b5
7. Bb3 d5 8. dxe5 Be6 9. Nbd2 Nc5 10. c3 Bg4 11. Re1 Nd3
12. Re3 Nxc1 13. Rxc1 Na5 14. h3 Nxb3 15. Nxb3 Be6 16. Nbd4 c5
17. Ne2 g5 18. Rd3 h5 19. Nh2 Bh6 20. Ng3 g4 21. Rc2 Bf4
22. Ne4 Bxe5 23. Nxc5 Bxh2+ 24. Kh1 Bc7 25. Re2 Qd6 26. g3
Qxc5 27. Rxd5 Qc6 28. Qd4 O-O 0-1

[Event "Hastings Chess Congress"]
[Site "Hastings ENG"]
[Date "2013.01.03"]
[EventDate "2012.12.28"]
[Round "7"]
[Result "0-1"]
[White "Conor E Murphy"]
[Black "Alisa Melekhina"]
[WhiteElo "1956"]
[BlackElo "2221"]
[PlyCount "64"]

1. Nf3 Nf6 2. g3 g6 3. Bg2 Bg7 4. O-O O-O 5. c4 d6 6. Nc3 Nc6
7. d3 Nh5 8. Rb1 f5 9. Nd5 e6 10. Bg5 Qd7 11. Nc3 f4 12. Bxf4
Nxf4 13. gxf4 Rxf4 14. e3 Rf5 15. Ne4 Rh5 16. Ng3 Rh6 17. b4
Qe7 18. d4 Nd8 19. c5 Nf7 20. Qd2 e5 21. cxd6 cxd6 22. dxe5
dxe5 23. b5 e4 24. Nd4 Qh4 25. Rfc1 Qxh2+ 26. Kf1 Bh3 27. Bxh3
Qxh3+ 28. Ke1 Ne5 29. Rc2 Rf8 30. Kd1 Nd3 31. Nde2 Nxf2+
32. Kc1 Nd3+ 0-1

[Event "Hastings Chess Congress"]
[Site "Hastings ENG"]
[Date "2013.01.06"]
[EventDate "2012.12.28"]
[Round "10"]
[Result "1-0"]
[White "Alisa Melekhina"]
[Black "Ollie Willson"]
[WhiteElo "2221"]
[BlackElo "1650"]
[PlyCount "77"]

1. e4 c5 2. Na3 e6 3. Nf3 Nc6 4. Bb5 Qc7 5. O-O Nf6 6. Re1 a6
7. Bf1 b5 8. c3 Be7 9. d4 cxd4 10. cxd4 d5 11. e5 Nd7 12. Bg5
Nb6 13. Rc1 Bb7 14. Bd3 Qd7 15. Bxe7 Qxe7 16. Bb1 b4 17. Nc2
Na4 18. Ne3 Nxb2 19. Qb3 Nc4 20. Nxc4 dxc4 21. Rxc4 O-O
22. Qc2 g6 23. Rxc6 Bxc6 24. Qxc6 Rfc8 25. Qe4 a5 26. Qf4 Kg7
27. Be4 Rab8 28. d5 exd5 29. Bxd5 h6 30. Nd4 Rb6 31. Qg4 Qd8
32. Nf5+ Kh7 33. Nd6 f5 34. Qd4 Rcb8 35. Nf7 Qe7 36. e6 Ra6
37. Qf4 Qf8 38. e7 Re8 39. exf8=N+ 1-0

[Event "China-USA Chess Summit"]
[Site "Ningbo CHN"]
[Date "2013.07.20"]
[EventDate "2013.07.19"]
[Round "2.4"]
[Result "1-0"]
[White "Ding Yixin"]
[Black "Alisa Melekhina"]
[WhiteElo "2432"]
[BlackElo "2216"]
[PlyCount "48"]

1. e4 c5 2. Nf3 Nc6 3. Bb5 Nf6 4. e5 Nd5 5. Nc3 Nc7 6. Bxc6
dxc6 7. d3 Bg4 8. h3 Bxf3 9. Qxf3 g6 10. Be3 Ne6 11. Qe4 Bg7
12. f4 Nd4 13. O-O-O Qd7 14. Rhe1 O-O-O 15. Na4 b6 16. c3 Nf5
17. Bf2 h5 18. b4 cxb4 19. Bxb6 bxc3 20. Nc5 Qd5 21. Qa4 Rd7
22. Bxa7 c2 23. Rd2 Bh6 24. Re4 Ng3 1-0

[Event "China-USA Chess Summit"]
[Site "Ningbo CHN"]
[Date "2013.07.23"]
[EventDate "2013.07.19"]
[Round "5.4"]
[Result "1/2-1/2"]
[White "Qi Guo"]
[Black "Alisa Melekhina"]
[WhiteElo "2446"]
[BlackElo "2216"]
[PlyCount "90"]

1. d4 Nf6 2. c4 c5 3. d5 b5 4. cxb5 a6 5. bxa6 g6 6. Nc3 Bxa6
7. Nf3 Bg7 8. g3 d6 9. Bg2 Nbd7 10. Rb1 O-O 11. O-O Ra7 12. b3
Qa8 13. Bb2 Rb8 14. Qd2 Rb4 15. Rfd1 Rab7 16. Qc2 Rc7 17. h3
Qb8 18. Ba1 Ne8 19. Nd2 c4 20. bxc4 Bxc4 21. Nxc4 Rcxc4
22. Rbc1 Nc7 23. Qd2 Na6 24. e3 Rc7 25. Ne2 Bxa1 26. Rxc7 Nxc7
27. Rxa1 Rb2 28. Qd1 Qb4 29. Nd4 Ne5 30. a4 Rd2 31. Qb1 Rb2
32. Qd1 Rd2 33. Qb1 Rb2 34. Qf1 Qa5 35. Rb1 Ra2 36. Ra1 Qxa4
37. Rxa2 Qxa2 38. Qe2 Qxe2 39. Nxe2 Nd3 40. Nc3 Kg7 41. f4 f5
42. Kf1 Kf6 43. Ke2 Nc5 44. g4 h6 45. e4 fxe4 1/2-1/2

[Event "US Championship (Women)"]
[Site "St Louis, MO USA"]
[Date "2014.05.08"]
[EventDate "2014.05.08"]
[Round "1.3"]
[Result "1-0"]
[White "Tatev Abrahamyan"]
[Black "Alisa Melekhina"]
[WhiteElo "2475"]
[BlackElo "2251"]
[PlyCount "91"]

1. e4 e5 2. Nf3 Nc6 3. Bc4 Bc5 4. O-O Nf6 5. d3 O-O 6. Re1 d6
7. c3 a6 8. Bb3 Be6 9. Bc2 d5 10. exd5 Qxd5 11. Nbd2 Qd6
12. Qe2 Rfe8 13. h3 h6 14. b4 Ba7 15. a4 b5 16. Nf1 Nd5
17. Bd2 f6 18. Ng3 Qd7 19. Ne4 Kh8 20. Rab1 Bf7 21. Nc5 Bxc5
22. bxc5 Bh5 23. g4 Nf4 24. Bxf4 exf4 25. Qf1 Bf7 26. d4 Bc4
27. Bd3 Bd5 28. Nh4 b4 29. Ng6+ Kg8 30. Nxf4 Bf7 31. Bf5 Qd8
32. Ne6 Bxe6 33. Bxe6+ Kh8 34. d5 Ne5 35. f4 Nd7 36. cxb4 a5
37. Qb5 Nf8 38. bxa5 Nxe6 39. dxe6 Qd4+ 40. Kg2 Rab8 41. Qxb8
Qd5+ 42. Kf2 Qd2+ 43. Re2 Qxf4+ 44. Kg2 Rxb8 45. Rxb8+ Kh7
46. e7 1-0

[Event "US Championship (Women)"]
[Site "St Louis, MO USA"]
[Date "2014.05.09"]
[EventDate "2014.05.08"]
[Round "2.3"]
[Result "0-1"]
[White "Alisa Melekhina"]
[Black "Sabina-Francesca Foisor"]
[WhiteElo "2251"]
[BlackElo "2303"]
[PlyCount "106"]

1. e4 e6 2. d4 d5 3. e5 c5 4. c3 Nc6 5. Nf3 Bd7 6. Bd3 Qb6
7. O-O cxd4 8. cxd4 Nxd4 9. Nbd2 Nf5 10. Nb3 Ngh6 11. h3 a5
12. a4 Qd8 13. g4 Nh4 14. Be3 Bb4 15. Nbd4 Nxf3+ 16. Qxf3 Ng8
17. Nb5 Bc6 18. Bd4 Ne7 19. Qg3 h5 20. Nd6+ Bxd6 21. exd6 hxg4
22. dxe7 Qxe7 23. hxg4 Kd7 24. Bb5 f6 25. Rac1 Qd6 26. f4 Qb4
27. Qc3 Qxc3 28. Rxc3 Rh4 29. Bxc6+ bxc6 30. Rg3 Kd6 31. Kg2
c5 32. Bf2 Rah8 33. Kf3 Rb8 34. Rc1 d4 35. Rc2 Kd5 36. Ke2 Rh2
37. b3 e5 38. fxe5 fxe5 39. Rf3 g6 40. Kf1 e4 41. Rf6 e3
42. Rxg6 Rf8 43. Rg5+ Ke4 44. Rf5 Rxf5 45. gxf5 exf2 46. Rxf2
Rxf2+ 47. Kxf2 Kxf5 48. Ke2 Ke4 49. Kd2 d3 50. Kd1 Ke3 51. Ke1
d2+ 52. Kd1 Kd3 53. b4 c4 0-1

[Event "US Championship (Women)"]
[Site "St Louis, MO USA"]
[Date "2014.05.10"]
[EventDate "2014.05.08"]
[Round "3.5"]
[Result "0-1"]
[White "Viktorija Ni"]
[Black "Alisa Melekhina"]
[WhiteElo "2302"]
[BlackElo "2251"]
[PlyCount "68"]

1. Nf3 c5 2. g3 Nc6 3. Bg2 g6 4. b3 Bg7 5. c3 e5 6. e4 Nge7
7. O-O d5 8. d3 O-O 9. Bb2 f5 10. Nbd2 fxe4 11. dxe4 d4
12. Qe2 Qd6 13. Rac1 Bh6 14. cxd4 cxd4 15. Qb5 a6 16. Qb6 Bg4
17. Rc2 Qf6 18. h3 Bxd2 19. hxg4 Bb4 20. g5 Qe6 21. Rfc1 Rab8
22. Bf1 Qd6 23. Nxe5 Qxe5 24. f4 Qd6 25. e5 Qd7 26. Bg2 Nd5
27. e6 Qxe6 28. Rxc6 Qe3+ 29. Kh2 Nxb6 30. Rxb6 Bc3 31. Ba3
Rfd8 32. Rf6 Be1 33. f5 Qxg3+ 34. Kh1 Bf2 0-1

[Event "US Championship (Women)"]
[Site "St Louis, MO USA"]
[Date "2014.05.12"]
[EventDate "2014.05.08"]
[Round "4.4"]
[Result "1/2-1/2"]
[White "Alisa Melekhina"]
[Black "Ashritha Eswaran"]
[WhiteElo "2251"]
[BlackElo "2231"]
[PlyCount "120"]

1. e4 c5 2. Nc3 Nc6 3. f4 g6 4. Nf3 Bg7 5. a3 e6 6. b4 d6
7. bxc5 dxc5 8. e5 f6 9. Bb5 Ne7 10. exf6 Bxf6 11. O-O O-O
12. Rb1 a6 13. Bd3 Nd5 14. Nxd5 exd5 15. c4 dxc4 16. Bxc4+ Kg7
17. d3 b5 18. Bb3 Bf5 19. Bc2 c4 20. Ne1 Nd4 21. Bb2 Nxc2
22. Qxc2 cxd3 23. Qd2 Re8 24. Rf2 Bxb2 25. Qxb2+ Qf6 26. Qxf6+
Kxf6 27. Rd1 Bg4 28. Nf3 Re3 29. Rfd2 Bxf3 30. gxf3 Kf5
31. Rxd3 Rxd3 32. Rxd3 Kxf4 33. Kf2 Rc8 34. Rd4+ Ke5 35. Rd3
Rc4 36. Kg3 a5 37. Rd7 Rc3 38. Rb7 Rb3 39. Kg4 b4 40. f4+ Kd4
41. axb4 axb4 42. Rxh7 Rb1 43. Rd7+ Kc3 44. Rc7+ Kb2 45. Kg5
Rg1+ 46. Kf6 Rg4 47. Ke5 b3 48. Rc6 Kb1 49. h4 b2 50. Rb6 Rg3
51. f5 gxf5 52. Kxf5 Kc2 53. Rxb2+ Kxb2 54. h5 Rh3 55. Kg6 Kc3
56. h6 Kd4 57. h7 Ke5 58. Kg7 Rg3+ 59. Kf7 Rf3+ 60. Kg7 Rg3+
1/2-1/2

[Event "US Championship (Women)"]
[Site "St Louis, MO USA"]
[Date "2014.05.13"]
[EventDate "2014.05.08"]
[Round "5.5"]
[Result "1/2-1/2"]
[White "Camilla Baginskaite"]
[Black "Alisa Melekhina"]
[WhiteElo "2267"]
[BlackElo "2151"]
[PlyCount "221"]

1. d4 Nf6 2. c4 c5 3. d5 b5 4. cxb5 a6 5. bxa6 g6 6. Nc3 Bxa6
7. Nf3 d6 8. e4 Bxf1 9. Kxf1 Bg7 10. g3 O-O 11. Kg2 Nbd7
12. a4 Ra6 13. Qc2 Qa8 14. Re1 e6 15. dxe6 fxe6 16. Nb5 Qb7
17. Ra3 Ng4 18. Bf4 Nde5 19. h3 Nxf3 20. Rxf3 Ne5 21. Bxe5
Bxe5 22. Rxf8+ Kxf8 23. Re3 Kg8 24. Rf3 Qc6 25. b3 Ra8 26. Kg1
d5 27. exd5 exd5 28. Qe2 d4 29. Qc4+ Kh8 30. Qf7 Bg7 31. Rd3
Qe4 32. Qf3 Qe1+ 33. Kg2 Rf8 34. Rd1 Qe6 35. Qd3 Qc6+ 36. Kg1
Qf6 37. Qc2 Bh6 38. Na3 Qf3 39. Nc4 Re8 40. Rf1 Re2 41. Qd1 d3
42. Ne5 Qf5 43. Ng4 Bg7 44. Re1 Qf3 45. Rxe2 Qxe2 46. Ne3 Bd4
47. Qf1 Bxe3 48. fxe3 Qxe3+ 49. Qf2 Qc1+ 50. Kg2 Kg7 51. g4 d2
52. Qe3 Qe1 53. Qc3+ Kh6 54. g5+ Kh5 55. Qf3+ Kxg5 56. Qg4+
Kf6 57. Qf4+ Ke6 58. Qc4+ Kd6 59. Qf4+ Kc6 60. Qf3+ Kc7
61. Qf7+ Kd6 62. Qf4+ Ke7 63. Qc7+ Ke6 64. Qc6+ Kf7 65. Qd7+
Kf6 66. Qd6+ Kg7 67. Qc7+ Kf6 68. Qd6+ Kf5 69. Qxc5+ Ke4
70. Qc4+ Kf5 71. Qd5+ Kf4 72. Qd6+ Kg5 73. Qc5+ Kf6 74. Qd6+
Kg7 75. Qc7+ Kf8 76. Qd8+ Kf7 77. Qd7+ Kf6 78. Qd6+ Kg5
79. Qc5+ Kf4 80. Qd6+ Kg5 81. Qc5+ Kh6 82. Qf8+ Kh5 83. Qf3+
Kg5 84. Qg4+ Kf6 85. Qd4+ Ke6 86. Qc4+ Ke5 87. Qc5+ Ke4
88. Qc4+ Ke3 89. Qc3+ Kf4 90. Qf3+ Ke5 91. Qc3+ Ke4 92. Qc4+
Kf5 93. Qd5+ Kf4 94. Qf3+ Kg5 95. Qg4+ Kh6 96. Qf4+ Kg7
97. Qd4+ Kf7 98. Qd7+ Kf6 99. Qd6+ Kg5 100. Qc5+ Kh6 101. Qf8+
Kh5 102. Qf3+ Kg5 103. Qg4+ Kf6 104. Qd4+ Ke6 105. Qc4+ Ke5
106. Qc5+ Kf4 107. Qd6+ Ke4 108. Qc6+ Kd4 109. Qc4+ Ke5
110. Qc5+ Kf4 111. Qd6+ 1/2-1/2

[Event "US Championship (Women)"]
[Site "St Louis, MO USA"]
[Date "2014.05.17"]
[EventDate "2014.05.08"]
[Round "8.3"]
[Result "1/2-1/2"]
[White "Katerina Nemcova"]
[Black "Alisa Melekhina"]
[WhiteElo "2282"]
[BlackElo "2151"]
[PlyCount "103"]

1. e4 e5 2. Nf3 Nc6 3. Bc4 Bc5 4. O-O Nf6 5. d4 Bxd4 6. Nxd4
Nxd4 7. f4 d6 8. fxe5 dxe5 9. Bg5 Qe7 10. c3 Ne6 11. Bxf6 gxf6
12. Na3 Bd7 13. Qf3 Rg8 14. Qxf6 Qxf6 15. Rxf6 Ke7 16. Raf1
Raf8 17. Rh6 Rg7 18. Nc2 Nc5 19. Re1 Bc6 20. b4 Ne6 21. Bd5
Rg6 22. Rxg6 hxg6 23. Bxc6 bxc6 24. Ne3 Rd8 25. Nc4 f6 26. Kf2
Nf4 27. Re3 Rd1 28. g3 Nh3+ 29. Kg2 Ng5 30. a3 Nf7 31. Na5
Rd2+ 32. Kg1 Kd7 33. h4 Nh6 34. Nb3 Rd1+ 35. Kg2 Ng4 36. Rd3+
Rxd3 37. Nc5+ Kd6 38. Nxd3 f5 39. Nf2 Ne3+ 40. Kf3 Nc4 41. h5
gxh5 42. exf5 Nxa3 43. Ne4+ Ke7 44. Nc5 Nb5 45. Ke4 Kf6
46. Nd7+ Ke7 47. Nxe5 Nxc3+ 48. Kf4 Kf6 49. Nd7+ Ke7 50. Ne5
Kf6 51. Nd7+ Ke7 52. Ne5 1/2-1/2

[Event "US Championship (Women)"]
[Site "St Louis, MO USA"]
[Date "2014.05.19"]
[EventDate "2014.05.07"]
[Round "9"]
[Result "1-0"]
[White "Alisa Melekhina"]
[Black "Iryna Zenyuk"]
[WhiteElo "2151"]
[BlackElo "2249"]
[PlyCount "93"]

1. e4 c5 2. Nf3 Nc6 3. Bb5 g6 4. O-O Bg7 5. c3 Nf6 6. d4 cxd4
7. cxd4 Nxe4 8. d5 Na5 9. Qe2 Nd6 10. Bd3 O-O 11. Bf4 b6
12. Be5 f6 13. Bxd6 exd6 14. Nc3 Nb7 15. b4 a5 16. a3 f5
17. Rac1 Qf6 18. Na4 Bh6 19. Nxb6 Bxc1 20. Rxc1 Rb8 21. Ba6
axb4 22. axb4 Nd8 23. Nxc8 Rxb4 24. Bb5 Re4 25. Qd2 Nb7
26. Nb6 Nc5 27. Nxd7 Nxd7 28. Bxd7 Kh8 29. Qh6 Re7 30. Be6 f4
31. h4 Qg7 32. Qg5 Ra7 33. h5 gxh5 34. Qxh5 h6 35. Nh4 Rfa8
36. Nf5 Qg5 37. Qxg5 hxg5 38. Nxd6 Kg7 39. Ne4 Kg6 40. d6 Rh7
41. f3 Rah8 42. Kf2 Rh1 43. Rxh1 Rxh1 44. d7 Rd1 45. Nc5 Kf6
46. Bg4 Ke7 47. Nb7 1-0